000 01110nam a2200325 ia4500
005 20251001111724.0
008 251001s2025 my a ad 000 1 may d
020 _a9789672791324
_qset
020 _a9789672791300
_cRM47.00
_qpaperback
040 _aPPAK
_beng
_cPPAK
_erda
082 0 4 _223
_a499.2386
090 0 0 _a499.2386
_bFUT
_dRK
100 0 _aFutri Najuwa Saleh,
_eauthor.
_d1978-
245 1 0 _aAda Apa Di Hospital? /
_cFutri Najuwa Saleh
264 1 _aMentakab, Pahang :
_bKK NG ENTERPRISE,
_c2025
300 _a14 pages :
_bcolour illustrations ;
_c42 cm.
336 _atext
_2rdacontent
337 _aunmediated
_2rdamedia
338 _avolume
_2rdacarrier
490 1 _aSIRI BUKU BESAR : JOM TEROKA BERSAMA-SAMA!
500 _aIncludes questions and exercises
650 1 0 _aMalay language
_vReaders
650 2 0 _aChildren's stories, Malay
650 2 0 _aDidactic fiction, Malay
650 2 0 _aAnimals
_vFiction
650 2 0 _aPicture books for children
650 2 0 _aBig books
830 0 _aSiri buku besar : jom teroka bersama-sama!
942 _2ddc
_cB
999 _c200974
_d200974